| 000 | 00705nam a2200205 a 4500 | ||
|---|---|---|---|
| 003 | AM-YEHGA | ||
| 005 | 20251204132206.0 | ||
| 008 | 070725s1938 fr | |||| 00||1|arm|d | ||
| 040 | _aAM-YEHGA | ||
| 041 | 0 | _aarm | |
| 100 | 1 | _aՊէրպէրեան, Հ. | |
| 245 | 1 | 0 |
_aԱրշակ Բ. եւ Քեօռօղլու / _cՀ. Պէրպէրեան. |
| 260 |
_aՓարիզ : _bտպ. Խ. Մաթիկեան, _c1938. |
||
| 300 |
_a44 էջ ; _c26 սմ. |
||
| 500 | _aՍյունակագիր | ||
| 500 | _aԱրտատպուած "Ապագայ" շաբաթաթերթէն սրբագրութիւններով եւ յաւելուածներով | ||
| 650 | 1 | 4 | _aԲանահյուսություն |
| 942 | 0 | 0 |
_2udc _cBK |
| 001 | 473563 | ||
| 999 |
_c539058 _d539058 |
||